Forma (Registro nro. 5477)
[ vista simple ]
| 000 -CABECERA | |
|---|---|
| Longitud fija campo de control | 02063nam a2200349 i 4500 |
| 005 - • FECHA Y HORA DE LA ÚLTIMA TRANSACCIÓN | |
| Fecha y hora de la última transacción | 20220317000938.0 |
| 007 - • CAMPO FIJO DE DESCRIPCIÓN FÍSICA | |
| Campo fijo de descripción física | ta |
| 008 - • CÓDIGOS DE INFORMACIÓN DE LONGITUD FIJA | |
| Códigos de información de longitud fija | 160801s2009 sp ao gr 000 0 spa d |
| 020 ## - • NÚMERO INTERNACIONAL NORMALIZADO PARA LIBROS | |
| Número Internacional Normalizado para Libros (ISBN) | 9788434225503 |
| 040 ## - FUENTE DE LA CATALOGACIÓN | |
| Centro catalogador de origen | CO-BoRNBP |
| Lengua de catalogación | spa |
| Normas de descripción | rda |
| Centro transcriptor | CO-BoRNBP |
| 041 1# - • CÓDIGO DE LENGUA | |
| Código de lengua original | eng |
| 082 04 - • NÚMERO DE LA CLASIFICACIÓN DECIMAL DEWEY | |
| Número de clasificación (R) | 751.7 |
| Número del ítem | G81f |
| Número de edición | 23 |
| 100 1# - • PUNTO DE ACCESO PRINCIPAL-NOMBRE DE PERSONA | |
| Nombre de persona | Guasch, Gemma |
| Término indicativo de función | autora |
| 245 10 - • TITULO PROPIAMENTE DICHO | |
| Título | Forma |
| Mención de responsabilidad, etc. | Gemma Guasch, Josep Asunción |
| 250 ## - • MENCIÓN DE EDICIÓN | |
| Mención de edición | Segunda edición |
| 264 #1 - PRODUCCIÓN, PUBLICACIÓN , DISTRIBUCIÓN, FABRICACIÓN Y COPYRIGHT | |
| Lugar de producción, publicación, distribución, fabricación | Barcelona, España |
| Nombre del productor, editor, distribuidor, fabricante | Parramón |
| Fecha de de producción, publicación, distribución, fabricación o copyright | 2009 |
| 300 ## - • DESCRIPCIÓN FÍSICA | |
| Extensión | 159 páginas |
| Otras características físicas | ilustraciones y fotografías a color |
| Dimensiones | 30 cm |
| 336 ## - TIPO DE CONTENIDO | |
| Término de tipo de contenido | texto |
| Código de tipo de contenido | txt |
| Fuente | rdacontent |
| 337 ## - TIPO DE MEDIO | |
| Nombre del tipo de medio | sin mediación |
| Código del tipo de medio | n |
| Fuente | rdamedia |
| 338 ## - TIPO DE SOPORTE | |
| Nombre del tipo de soporte | volumen |
| Código del tipo de soporte | nc |
| Fuente | rdacarrier |
| 490 0# - • MENCIÓN DE SERIE | |
| Mención de serie | Pintura creativa |
| 500 ## - • NOTA GENERAL | |
| Nota general | Incluye glosario |
| 505 1# - • NOTA DE CONTENIDO CON FORMATO | |
| Nota de contenido con formato | La forma enel lenguaje pictórico -- La forma en la naturaleza viva -- La forma en el bodegón -- La forma en el paisaje -- La forma en la figura humana -- La forma en la abstracción |
| 520 ## - • NOTA DE RESUMEN | |
| Resumen, etc, | Se centra en varios enfoques diferentes para crear pinturas imaginativas, terminadas y altamente profesionales. Los títulos de esta serie están diseñados para que los usen estudiantes avanzados y aficionados experimentados. La forma de una pintura es el elemento que le da coherencia visual, y la forma deriva de combinaciones de formas tan simples como triángulos, círculos y cuadrados, o tan complejas como líneas que se cruzan y formas irregulares superpuestas destinadas a sugerir movimiento, perspectiva, reposo, o muchas otras cualidades. Este título muestra ejemplos de naturaleza muerta, retratos, paisajes, escenas de agua, cielos e incluso pinturas abstractas, luego analiza estas obras, demostrando en ilustraciones claras las formas fundamentales a partir de las cuales se construye cada pintura. |
| 521 ## - • NOTA DE PÚBLICO DESTINATARIO | |
| Nota público destinatario (R ) | Recomendado a partir de los 14 años |
| 534 ## - • Nota De Versión Original | |
| Edition statement of original | Form (Creative Painting Series) |
| 650 17 - • PUNTO DE ACCESO ADICIONAL DE MATERIA - TÉRMINO DE MATERIA | |
| Término de materia o nombre geográfico como elemento inicial | Pintura |
| Subdivisión de materia general | Técnicas |
| Fuente del encabezamiento o término | ARMARC |
| 650 17 - • PUNTO DE ACCESO ADICIONAL DE MATERIA - TÉRMINO DE MATERIA | |
| Término de materia o nombre geográfico como elemento inicial | Dibujo |
| Subdivisión de materia general | Técnicas |
| Fuente del encabezamiento o término | ARMARC |
| 650 17 - • PUNTO DE ACCESO ADICIONAL DE MATERIA - TÉRMINO DE MATERIA | |
| Término de materia o nombre geográfico como elemento inicial | Expresión artística |
| Fuente del encabezamiento o término | ARMARC |
| 700 1# - • PUNTO DE ACCESO ADICIONAL - NOMBRE DE PERSONA | |
| Nombre de persona | Asunción, Josep |
| Fechas asociadas al nombre | autor |
| 942 ## - ENTRADA DE ELEMENTOS AGREGADOS (KOHA) | |
| Fuente de clasificaión o esquema | Dewey Decimal Classification |
| Koha [por defecto] tipo de item | Libro Literatura |
No hay ítems disponibles.